Statistics for "It's a Long Way to Tipperary" lyrics

Click here to take the quiz!

General Stats

  • This quiz has been taken 36 times
    (32 since last reset)
  • The average score is 19 of 31

Answer Stats

Answer% Correct
It's a {long way} to Tipperary,
86%
Up to {mighty} London
86%
{Goodbye}, Piccadilly,
81%
It's a {long, long} way to Tipperary,
81%
but {my heart}'s right there!
76%
it's a long way {to go}!
76%
As the {streets} are paved with gold,
71%
{farewell}, Leicester Square!
71%
Paddy wrote a {letter}
71%
sure, everyone was {gay}.
71%
to the {sweetest} girl I know!
71%
don't lay the blame {on me}"!
67%
"If I make {mistakes} in spelling,
62%
"remember, it's the {pen} that's bad,
62%
Strand and {Leicester} Square,
62%
till Paddy got {excited}.
62%
to his Irish {Molly}-O,
62%
For {love} has fairly drove me silly,
57%
Molly, {dear}," said he,
57%
{Singing} songs of Piccadilly,
57%
Then he shouted to {them there}:
57%
to Irish {Paddy}-O,
57%
write and let me {know}"!
57%
came an {Irishman} one day.
52%
leave the Strand and {Piccadilly}
52%
wants to {marry me}, and so
52%
or you'll be to {blame}.
48%
saying "Mike {Maloney}
48%
saying, "Should you not {receive it},
48%
hoping you're {the same}"!
43%
Molly wrote a {neat} reply
43%

Score Distribution

Percentile by Number Answered

Percent of People with Each Score

Your Score History

You have not taken this quiz since the last reset